Lorde Quiz - Statistics

General Stats
  • This quiz has been taken 102 times
  • The average score is 7 of 9
Answer Stats
Hint Answer % Correct
Second album Melodrama
94%
First album Pure Heroine
94%
Most popular song Royals
93%
Third album Solar Power
92%
Country she was born New Zealand
91%
Year she was born 1996
85%
Her real name Ella Marija Lani Yelich O'Connor
54%
What citizenship does she have excluding New zealand Croatian
35%
Title of her book Going South
34%
No matching quizzes found
Score Distribution
Percent of People with Each Score
Percentile by Number Answered
Your Score History
You have not taken this quiz